Eastern Utah Libraries Catalog: Duchesne, Heber, Roosevelt, & Vernal

I'm bored / (Record no. 129895)

MARC details
000 -LEADER
fixed length control field 01357cam a2200373 a 4500
001 - CONTROL NUMBER
control field BK0010678936
003 - CONTROL NUMBER IDENTIFIER
control field DLC
005 - DATE AND TIME OF LATEST TRANSACTION
control field 20241220141936.0
008 - FIXED-LENGTH DATA ELEMENTS--GENERAL INFORMATION
fixed length control field 111222s2012 nyua b 000 1 eng
010 ## - LIBRARY OF CONGRESS CONTROL NUMBER
LC control number 2011043087
020 ## - INTERNATIONAL STANDARD BOOK NUMBER
International Standard Book Number 9781442414037 : SAL
Terms of availability $17.99
020 ## - INTERNATIONAL STANDARD BOOK NUMBER
International Standard Book Number 1442414030 : SAL
Terms of availability $17.99
037 ## - SOURCE OF ACQUISITION
Source of stock number/acquisition Simon & Schuster, 100 Front st, Riverside, NJ, USA, 08075-7500
Note SAN 200-2442
040 ## - CATALOGING SOURCE
Original cataloging agency DLC
Transcribing agency DLC
Modifying agency DLC
050 00 - LIBRARY OF CONGRESS CALL NUMBER
Classification number PZ7.B5292
Item number Im 2012
082 00 - DEWEY DECIMAL CLASSIFICATION NUMBER
Classification number [E]
Edition number 23
092 ## - LOCALLY ASSIGNED DEWEY CALL NUMBER (OCLC)
Classification number E
092 ## - LOCALLY ASSIGNED DEWEY CALL NUMBER (OCLC)
Classification number BLACK
100 1# - MAIN ENTRY--PERSONAL NAME
Personal name Black, Michael Ian.
9 (RLIN) 5857805
245 10 - TITLE STATEMENT
Title I'm bored /
Statement of responsibility, etc by Michael Ian Black ; illustrated by Debbie Ridpath Ohi.
246 3# - VARYING FORM OF TITLE
Title proper/short title I am bored
250 ## - EDITION STATEMENT
Edition statement 1st ed.
260 ## - PUBLICATION, DISTRIBUTION, ETC. (IMPRINT)
Place of publication, distribution, etc New York :
Name of publisher, distributor, etc Simon & Schuster Books for Young Readers,
Date of publication, distribution, etc c2012.
300 ## - PHYSICAL DESCRIPTION
Extent 40 p. ;
Other physical details col. ill. ;
Dimensions 29 cm.
500 ## - GENERAL NOTE
General note "A Junior Library Guild selection"--Jkt. flap.
520 ## - SUMMARY, ETC.
Summary, etc When a bored girl meets a potato who finds children tedius, she tries to prove him wrong by demonstrating all of the things they can do, from turning cartwheels to using their imaginations.
521 1# - TARGET AUDIENCE NOTE
Target audience note Ages 3-8.
650 #1 - SUBJECT ADDED ENTRY--TOPICAL TERM
Topical term or geographic name as entry element Boredom
Form subdivision Fiction.
9 (RLIN) 5706581
650 #1 - SUBJECT ADDED ENTRY--TOPICAL TERM
Topical term or geographic name as entry element Imagination
Form subdivision Fiction.
9 (RLIN) 5674599
650 #1 - SUBJECT ADDED ENTRY--TOPICAL TERM
Topical term or geographic name as entry element Potatoes
Form subdivision Fiction.
9 (RLIN) 5802835
700 1# - ADDED ENTRY--PERSONAL NAME
Personal name Ohi, Debbie Ridpath,
Dates associated with a name 1962-
Relator term ill.
9 (RLIN) 5899524
942 ## - ADDED ENTRY ELEMENTS (KOHA)
Koha item type BOOK
998 ## - LOCAL CONTROL INFORMATION (RLIN)
-- a205801
Holdings
Withdrawn status Lost status Source of classification or shelving scheme Damaged status Not for loan Collection code Home library Current library Shelving location Date acquired Source of acquisition Total Checkouts Total Renewals Full call number Barcode Checked out Date last seen Date checked out Cost, replacement price Price effective from Koha item type
    Dewey Decimal Classification     Children Picture Books Wasatch County Library Wasatch County Library Main Floor Childrens Area 08/18/2020 Baker & Taylor 26 24 E Black 34301001694688 05/02/2026 03/06/2026 03/06/2026 17.99 08/18/2020 BOOK
This project was made possible through a grant from the Institute of Museum and Library Service administered by the Utah State Library Division.

Wasatch County Library

  • 465 East 1200 South, Heber City, Utah 84032
  • Phone 435-654-1511 | Fax 435-654-6456

Hours

  • Monday - Friday 9:30 AM - 8:00 PM
  • Saturday 9:30 AM - 1:30 PM
  • Closed Sundays and Holidays